[Event "GER-chT U12"]
[Site "Verden an der Aller"]
[Date "2003.12.30"]
[Round "7.2"]
[White "Gossmann, Philipp"]
[Black "Helmund, Thomas"]
[Result "1/2-1/2"]
[WhiteElo "1323"]
[BlackElo "1224"]
[PlyCount "69"]
[EventDate "2003.12.27"]
[EventType "team-swiss"]
[EventRounds "7"]
[EventCountry "GER"]
[SourceTitle "EXT 2022"]
[Source "ChessBase"]
[SourceDate "2021.10.06"]
[SourceVersion "1"]
[SourceVersionDate "2021.10.06"]
[SourceQuality "1"]
[WhiteTeam "Porz SG"]
[BlackTeam "Waltershausen"]
[WhiteTeamCountry "GER"]
[BlackTeamCountry "GER"]

1. e4 c5 2. Ne2 d6 3. g3 Nc6 4. Bg2 Nf6 5. 0-0 g6 6. c3 Bg7 7. d4 cxd4 8. cxd4 e6 9. Nbc3 0-0 10. Be3 Ne8 11. f4 f5 12. e5 d5 13. Qb3 Na5 14. Qc2 Nc4 15. Bf2 Bd7 16. b3 Nb6 17. Qd2 Rc8 18. Rac1 h5 19. Qe3 Kf7 20. Rfe1 Rh8 21. h4 Qe7 22. Kh1 Nc7 23. Ng1 Qa3 24. Bf1 a6 25. Nf3 Bh6 26. Qd2 Nba8 27. Nb1 Qe7 28. Nc3 b5 29. Kh2 Nb6 30. Ne2 b4 31. Rc5 Bb5 32. Rec1 a5 33. a3 Bf8 34. a4 Bxe2 35. Bxe2 1/2-1/2

[Event "GER-chT U12"]
[Site "Verden an der Aller"]
[Date "2003.12.28"]
[Round "4.2"]
[White "Gossmann, Philipp"]
[Black "Mazarov, Juergen"]
[Result "0-1"]
[WhiteElo "1323"]
[BlackElo "1728"]
[PlyCount "99"]
[EventDate "2003.12.27"]
[EventType "team-swiss"]
[EventRounds "7"]
[EventCountry "GER"]
[SourceTitle "EXT 2022"]
[Source "ChessBase"]
[SourceDate "2021.10.06"]
[SourceVersion "1"]
[SourceVersionDate "2021.10.06"]
[SourceQuality "1"]
[WhiteTeam "Porz SG"]
[BlackTeam "Bochum SG 1931"]
[WhiteTeamCountry "GER"]
[BlackTeamCountry "GER"]

1. e4 e5 2. Nf3 Nf6 3. Nxe5 d6 4. Nf3 Nxe4 5. Nc3 Nxc3 6. dxc3 Be7 7. Bf4 Bg4 8. h3 Bh5 9. g4 Bg6 10. Qd2 Nc6 11. 0-0-0 Qd7 12. Bg2 0-0-0 13. Nd4 Ne5 14. Kb1 Rhe8 15. h4 h5 16. gxh5 Bxh5 17. Rde1 Bf6 18. Be3 Kb8 19. Nb3 Bf3 20. Bh3 Qe7 21. Qd4 Nc6 22. Qa4 Bxh1 23. Rxh1 Qe4 24. Qxe4 Rxe4 25. Bg2 Rxh4 26. Rxh4 Bxh4 27. Bxc6 bxc6 28. Na5 Rh8 29. a3 c5 30. b4 cxb4 31. cxb4 a6 32. Nc6+ Kc8 33. b5 axb5 34. Na7+ Kb7 35. Nxb5 f5 36. Nd4 f4 37. Bxf4 Bxf2 38. Ne6 Rg8 39. Ka2 Bh4 40. Kb3 g5 41. Bh2 Bf2 42. a4 g4 43. Nf4 g3 44. Bxg3 Rxg3+ 45. Nd3 Kc6 46. Kc3 d5 47. Kd2 Bb6 48. Ne5+ Kd6 49. Nf7+ Kc5 50. Ne5 0-1

[Event "NRW-ch U12"]
[Site "Kranenburg"]
[Date "2003.04.26"]
[Round "7"]
[White "Gossmann, Philipp"]
[Black "Hinz, Arne"]
[Result "0-1"]
[WhiteElo "1396"]
[BlackElo "1308"]
[PlyCount "106"]
[EventDate "2003.04.??"]
[EventType "swiss"]
[EventRounds "7"]
[EventCountry "GER"]
[SourceTitle "EXT 2005"]
[Source "ChessBase"]
[SourceDate "2004.11.15"]
[SourceVersion "1"]
[SourceVersionDate "2004.11.15"]
[SourceQuality "1"]

1. e4 e5 2. Nf3 Nf6 3. Nxe5 d6 4. Nf3 Nxe4 5. Bc4 Be7 6. d3 Nf6 7. Nc3 0-0 8. 0-0 Nc6 9. Bg5 Bg4 10. Re1 Nd4 11. Bxf6 Bxf6 12. Re4 Nxf3+ 13. gxf3 Bh3 14. Rf4 Bxc3 15. bxc3 Qg5+ 16. Rg4 Bxg4 17. fxg4 d5 18. Bb3 c6 19. c4 dxc4 20. Bxc4 Rfe8 21. Qf3 Re7 22. d4 Rae8 23. Kg2 Qf6 24. Qh3 Qxd4 25. Bd3 g6 26. Qf3 Qxa1 27. Bc4 Qe1 28. Bd3 Qa5 29. Bc4 Qc5 30. Bb3 Qe5 31. Kh3 Qe2 32. Qf4 Qf1+ 33. Kg3 Qb5 34. Bc4 Qe5 35. Qxe5 Rxe5 36. Bb3 Kg7 37. Bc4 b5 38. Bd3 Rd8 39. Bf1 Rd1 40. Bg2 Rg1 41. a3 Rxg2+ 42. Kxg2 Re2 43. c3 Ra2 44. h3 Rxa3 45. h4 Rxc3 46. g5 a5 47. h5 a4 48. h6+ Kf8 49. f4 a3 50. f5 a2 51. f6 a1Q 52. Kf2 Qa2+ 53. Ke1 Rc1# 0-1

[Event "GER-chT U12"]
[Site "Verden an der Aller"]
[Date "2002.12.27"]
[Round "1.2"]
[White "Gossmann, Philipp"]
[Black "Zelbel, Patrick"]
[Result "1-0"]
[WhiteElo "1277"]
[BlackElo "1344"]
[PlyCount "35"]
[EventDate "2002.12.27"]
[EventType "team-tourn"]
[EventRounds "7"]
[EventCountry "GER"]
[SourceTitle "CBM 092 Extra"]
[Source "ChessBase"]
[SourceDate "2003.03.07"]
[SourceVersion "1"]
[SourceVersionDate "2003.03.07"]
[SourceQuality "1"]

1. e4 e5 2. Nf3 Nc6 3. d4 exd4 4. Nxd4 Nf6 5. Nc3 Bb4 6. Nxc6 bxc6 7. Bd3 0-0 8. 0-0 d5 9. exd5 cxd5 10. Bg5 h6 11. Bxf6 Qxf6 12. Nxd5 Qd6 13. Be4 Rb8 14. a3 Bc5 15. b4 Bb6 16. Rb1 Be6 17. c4 c5 18. Nf6+ 1-0

[Event "GER-chT U12"]
[Site "Seifhennersdorf"]
[Date "2001.12.30"]
[Round "7.4"]
[White "Strathoff, Jens"]
[Black "Gossmann, Philipp"]
[Result "1-0"]
[WhiteElo "1198"]
[BlackElo "1199"]
[PlyCount "149"]
[EventDate "2001.12.27"]
[EventType "team-tourn"]
[EventRounds "7"]
[EventCountry "GER"]
[SourceTitle "EXT 2003"]
[Source "ChessBase"]
[SourceDate "2002.11.25"]
[SourceVersion "1"]
[SourceVersionDate "2002.11.25"]
[SourceQuality "1"]

1. e4 e5 2. Nf3 Nc6 3. Bc4 Bc5 4. c3 Nf6 5. d4 exd4 6. cxd4 Bb4+ 7. Bd2 Bxd2+ 8. Nbxd2 d5 9. exd5 Nxd5 10. 0-0 0-0 11. Re1 Nf6 12. Nb3 Bg4 13. h3 Bh5 14. d5 Ne7 15. Re5 Qd6 16. Nbd2 Ng6 17. Re3 Ne7 18. Ne4 Nxe4 19. Rxe4 Bxf3 20. Qxf3 Ng6 21. Rae1 c6 22. R4e2 Kh8 23. dxc6 Qxc6 24. Qxc6 bxc6 25. b3 Rad8 26. g3 h5 27. h4 Rd6 28. f4 f5 29. a4 Rfd8 30. Re8+ Rxe8 31. Rxe8+ Kh7 32. Kf2 Kh6 33. Ke3 Kh7 34. Re6 Rxe6+ 35. Bxe6 Nf8 36. Bc4 c5 37. Kd3 Kg6 38. Bd5 Kf6 39. Kc4 Nd7 40. Bc6 Nb8 41. Kxc5 g6 42. b4 Na6+ 43. Kb5 Nc7+ 44. Kc4 Ke6 45. b5 Kd6 46. Bf3 Ke6 47. Kc5 Kd7 48. Bc6+ Ke7 49. Bd5 Kd7 50. a5 Nxd5 51. Kxd5 Kc7 52. Kc5 Kd7 53. b6 axb6+ 54. Kxb6 Kd6 55. a6 Kd5 56. a7 Ke4 57. a8Q+ Ke3 58. Qa3+ Ke4 59. Qc3 g5 60. hxg5 h4 61. gxh4 Kxf4 62. Kc5 Kg4 63. Qe3 f4 64. Qxf4+ Kxf4 65. g6 Ke4 66. g7 Ke5 67. g8Q Ke4 68. Qe6+ Kd3 69. Qc4+ Ke3 70. Qd4+ Kf3 71. Kd5 Ke2 72. Ke4 Kf1 73. Qd2 Kg1 74. Kf3 Kh1 75. Qg2# 1-0

[Event "GER-chT U12"]
[Site "Seifhennersdorf"]
[Date "2001.12.27"]
[Round "2.4"]
[White "Gross, Maximilian"]
[Black "Gossmann, Philipp"]
[Result "0-1"]
[WhiteElo "902"]
[BlackElo "1199"]
[PlyCount "96"]
[EventDate "2001.12.27"]
[EventType "team-tourn"]
[EventRounds "7"]
[EventCountry "GER"]
[SourceTitle "EXT 2003"]
[Source "ChessBase"]
[SourceDate "2002.11.25"]
[SourceVersion "1"]
[SourceVersionDate "2002.11.25"]
[SourceQuality "1"]

1. e4 e5 2. Nf3 Nc6 3. Bc4 Bc5 4. d3 d6 5. 0-0 Nf6 6. Nc3 Bg4 7. Be3 Nd4 8. Bxd4 Bxd4 9. Re1 Bxc3 10. bxc3 0-0 11. Rb1 b6 12. d4 Re8 13. h3 Bh5 14. Re3 exd4 15. cxd4 Nxe4 16. Qd3 Nf6 17. g4 Bg6 18. Qe2 Rxe3 19. fxe3 Ne4 20. Qh2 Rb8 21. h4 Qf6 22. Qh3 h5 23. Rf1 Qe7 24. Re1 Qd7 25. Bb3 hxg4 26. Qf1 gxf3 27. Qxf3 Nd2 28. Qf2 Nxb3 29. axb3 Qh3 30. c4 Be4 31. Qh2 Qxh2+ 32. Kxh2 Re8 33. Kg3 c5 34. dxc5 dxc5 35. Ra1 a5 36. Rd1 Bg6 37. Kf3 Re4 38. Rd6 Rxh4 39. Rxb6 Bc2 40. Rb5 f6 41. Rxc5 g6 42. Rxa5 Bxb3 43. c5 Rc4 44. Ra8+ Kh7 45. Rc8 Ba4 46. Ra8 Kh6 47. c6 Bxc6+ 48. Ke2 Bxa8 0-1